Gaming Quiz

Random Gaming or Disney Quiz
Score 0/49 Timer 10:00
0 Plays Today
Gags Answer % Correct
Toon-UpFeather
96.6%
Lure$1 Bill
93.8%
SquirtGlass of Water
92.5%
Lure$5 Bill
90.4%
ThrowBirthday Cake
90.4%
SquirtSquirting Flower
90.4%
LureSmall Magnet
89.7%
ThrowCupcake
89.7%
ThrowWhole Cream Pie
89.7%
TrapBanana Peel
89%
SoundBike Horn
89%
Lure$10 Bill
88.4%
ThrowWedding Cake
88.4%
DropAnvil
88.4%
DropToontanic
88.4%
Toon-UpMegaphone
87.7%
Toon-UpLipstick
87.7%
Toon-UpBamboo Cane
87.7%
TrapTrapdoor
87.7%
SquirtSquirt Gun
87.7%
DropFlower Pot
87.7%
TrapRailroad
87%
SoundFoghorn
87%
ThrowWhole Fruit Pie
87%
SquirtFire Hose
87%
Gags Answer % Correct
DropGrand Piano
87%
Toon-UpJuggling Balls
85.6%
TrapMarbles
85.6%
TrapQuicksand
85.6%
TrapTNT
85.6%
LureBig Magnet
85.6%
SoundBugle
85.6%
ThrowCream Pie Slice
85.6%
Toon-UpHigh Dive
84.9%
LureHypno Goggles
84.9%
SoundWhistle
84.9%
SoundElephant Trunk
84.9%
SoundOpera Singer
84.9%
SquirtSeltzer Bottle
84.9%
Toon-UpPixie Dust
84.2%
LurePresentation
84.2%
SquirtGeyser
84.2%
SquirtStorm Cloud
83.6%
DropSandbag
83.6%
TrapRake
82.9%
SoundAoogah
82.9%
DropSafe
82.9%
ThrowFruit Pie Slice
82.2%
DropBig Weight
77.4%
Remove Ads.
Support Sporcle.
Get the best of Sporcle when you Go Orange. This ad-free experience offers more features, more stats, and more fun while also helping to support Sporcle. Thank you for becoming a member.

You're not logged in!

Compare scores with friends on all Sporcle quizzes.
OR
Log In

Show Comments

Extras

Top Quizzes Today


Score Distribution

Your Account Isn't Verified!

In order to create a playlist on Sporcle, you need to verify the email address you used during registration. Go to your Sporcle Settings to finish the process.

Report this User

Report this user for behavior that violates our Community Guidelines.

Details: